000 00261nmm a2200085Ia 4500
008 220120s9999||||xx |||||||||||||||||und||
100 _aPC QUEST
_910676
245 0 _aMost awaited Linux Destros; 9 open source E-commerce tools
260 _aCyber media Pvt. Ltd.
_c2013
999 _c139843
_d139843